Preparación de estados contables en momentos de hiperinflación : interpretación de las normas aplicables /

Guardado en:
Otros Autores: Sánchez Brot, Luis E.
Formato: Libro
Idioma:Spanish
Publicado: Buenos Aires : Profesional Editora, [1990]
Materias:
Etiquetas: Agregar Etiqueta
Sin Etiquetas, Sea el primero en etiquetar este registro!
LEADER 00955nam a22002055a 4500
001 EAD.ead000337
008 060321s1990####ag############000#0#spa#d
005 20210419120329.0
245 0 0 |a Preparación de estados contables en momentos de hiperinflación :  |b interpretación de las normas aplicables /  |c comentarios del Dr. Luis E. Sánchez Brot. 
260 |a Buenos Aires :  |b Profesional Editora,  |c [1990] 
300 |a 36 p. ;  |c 28 cm. 
500 |a Título de cub. 
505 0 |a Recomendación 1/90 de la FACPCE : comentarios y explicaciones técnicas / Luis E. Sánchez Brot -- La contabilidad ante la situación económica actual / Consejo Profesional de Ciencias Económicas. 
700 1 |a Sánchez Brot, Luis E. 
082 0 4 |a 657.48  |2 21 
650 7 |a Estados contables.  |2 isoc 
650 7 |a Contabilidad analítica.  |2 unbist 
650 7 |a Inflación.  |2 unbist 
650 7 |a Normas contables.  |2 isoc 
859 |a AR-BaBDC  |b BIB. ADMINISTRACION - Libros  |h 657.48  |i Sa55  |p b02288